02127cam a22005054i 4500003000900000005001700009008004100026035001900067035001900086040003300105049000900138082002000147082002100167100002500188245007900213264009200292300003900384336002100423337002500444338002300469505002900492526001000521526001000531526000900541526000900550526000900559526000900568526000900577526000900586526000900595526000800604526000800612526000800620526000800628526000800636942001400644949019000658949015400848994001401002596000801016999022301024999016701247980005501414952015201469PE-LiUPU20250731165526.0150623s1984 sp r 000 0 spa d a(Sirsi) a28622 a(Sirsi) a28622 aPE-LiUPUbspacPE-LiUPUerda aPRUA04a225.03bV7122104a225.03bV71 19841 aVine, W. E.,eautor.10aDiccionario expositivo de palabras del Nuevo Testamento.n1 /cW. E. Vine. 1aBarcelona, España :bServicio Evangélico de Documentación e Información,c1984. a476 páginas ;c22 centímetros. atext2rdacontent aunmediated2rdamedia avolume2rdacarrier0 aDiccionario de la A - D. aSEG44 aSEG26 aP151 aP150 aP149 aP146 aP145 aP126 aP125 aP92 aP75 aP74 aP27 aP15 2ddccBOOK aRC 225.03 V71 1wDEWEYc1i24890lRCmBULr0sYtBOOKu2015-6-24xBIBLIOTECAzUNKNOWN0COMPRAo.CIRCNOTE. No olvidar cambiar la fecha de devolución!!!!!!!o.STAFF. Colección General a225.03 V71 1984wDEWEYc1iFJ09830lCCODEBUJ1mBUJp25.00r0sYtBOOKu2017-12-27xBIBLIOTECAzUNKNOWN0DONACIONo.STAFF. Colección General Juliaca aC0bPEPRU a1 3 aRC 225.03 V71 1wDEWEYc35891i24890d35891f2021-11-8g6lCCODEBUL1mBULq4r1sYtBOOKu2015-6-24xTEOLOGIAzUNKNOWN0COMPRAo.CIRCNOTE. No olvidar cambiar la fecha de devolución!!!!!!!o.STAFF. Colección General a225.03 V71 1984wDEWEYc1iFJ09830f2022-2-3g4lCCODEBUJ1mBUJp25.00r0sYtBOOKu2017-12-27xBIBLIOTECAzUNKNOWN0DONACIONo.STAFF. Colección General Juliaca 81gALBERTO SANCHEZ Responsable de Automatización r2025-12-02 00:00:00i7l0oRC 225.03 V71 1p24890te1v30.00w2015-06-24xFTyREF102ddc50718REFfP35aBULbBULcREFd2015-06-24eCOMPRAg25.00